| 000 | 03160cam a2200781Ka 4500 | ||
|---|---|---|---|
| 001 | ocn712136083 | ||
| 003 | OCoLC | ||
| 005 | 20171119091236.0 | ||
| 006 | m o d | ||
| 007 | cr cnu---unuuu | ||
| 008 | 110412s2011 inua eo 001 0 eng d | ||
| 020 |
_a9781118014974 _q(electronic bk.) |
||
| 020 |
_a1118014979 _q(electronic bk.) |
||
| 020 |
_a9781118255728 _q(electronic bk.) |
||
| 020 |
_a1118255720 _q(electronic bk.) |
||
| 020 |
_a9781118019061 _q(electronic bk.) |
||
| 020 |
_a1118019067 _q(electronic bk.) |
||
| 020 | _z9780470612910 | ||
| 020 | _z0470612916 | ||
| 029 | 1 |
_aAU@ _b000053272882 |
|
| 029 | 1 |
_aCHBIS _b007307078 |
|
| 029 | 1 |
_aCHNEW _b000605678 |
|
| 029 | 1 |
_aCHVBK _b182509087 |
|
| 029 | 1 |
_aDEBSZ _b368469484 |
|
| 029 | 1 |
_aDEBSZ _b37280456X |
|
| 029 | 1 |
_aNLGGC _b333550722 |
|
| 029 | 1 |
_aNZ1 _b15915168 |
|
| 029 | 1 |
_aDEBBG _bBV043392970 |
|
| 029 | 1 |
_aAU@ _b000059227274 |
|
| 035 |
_a(OCoLC)712136083 _z(OCoLC)708567873 _z(OCoLC)720026046 _z(OCoLC)761321900 _z(OCoLC)765144296 _z(OCoLC)839301695 _z(OCoLC)889124168 _z(OCoLC)961590714 |
||
| 037 |
_aCL0500000089 _bSafari Books Online |
||
| 037 |
_aCF9E3117-3285-4578-91A1-1FF4505C8890 _bOverDrive, Inc. _nhttp://www.overdrive.com |
||
| 040 |
_aN$T _beng _epn _cN$T _dUMI _dE7B _dYDXCP _dOCLCQ _dCOO _dDG1 _dB24X7 _dREDDC _dOCLCQ _dC6I _dOCLCQ _dDEBSZ _dOCLCQ _dTEFOD _dOCLCQ _dOCLCF _dTEFOD _dOCLCQ _dDEBBG _dAZK |
||
| 049 | _aMAIN | ||
| 050 | 4 |
_aQA76.9.F48 _bP33 2011eb |
|
| 072 | 7 |
_aCOM _x018000 _2bisacsh |
|
| 082 | 0 | 4 |
_a005.7/2 _222 |
| 100 | 1 | _aPadova, Ted. | |
| 245 | 1 | 0 |
_aAdobe Acrobat X PDF bible / _cTed Padova. _h[electronic resource] |
| 246 | 3 | 0 | _aAcrobat X PDF bible |
| 260 |
_aIndianapolis, IN : _bWiley Pub., _c©2011. |
||
| 300 |
_a1 online resource (xl, 896 pages) : _billustrations. |
||
| 336 |
_atext _btxt _2rdacontent |
||
| 337 |
_acomputer _bc _2rdamedia |
||
| 338 |
_aonline resource _bcr _2rdacarrier |
||
| 347 |
_adata file _2rda |
||
| 490 | 1 | _aBible | |
| 505 | 0 | _aIntroducing Adobe Acrobat -- Converting documents to PDF -- Editing PDFs -- Using PDF interactivity -- Publishing PDF files -- Using Acrobat PDF forms. | |
| 588 | 0 | _aPrint version record. | |
| 630 | 0 | 0 | _aAdobe Acrobat. |
| 630 | 0 | 7 |
_aAdobe Acrobat. _2blmlsh |
| 630 | 0 | 7 |
_aAdobe Acrobat. _2fast _0(OCoLC)fst01381109 |
| 630 | 0 | 7 |
_aAdobe Acrobat. _2blmsh |
| 650 | 0 | _aPDF (Computer file format) | |
| 650 | 0 | _aFile conversion (Computer science) | |
| 650 | 4 | _aPDF (Computer file format) | |
| 650 | 4 | _aFile conversion (Computer science) | |
| 650 | 7 |
_aCOMPUTERS _xData Processing. _2bisacsh |
|
| 650 | 7 |
_aFile conversion (Computer science) _2fast _0(OCoLC)fst00924146 |
|
| 650 | 7 |
_aPDF (Computer file format) _2fast _0(OCoLC)fst01049826 |
|
| 650 | 7 |
_aPDF (Computer file format) _2local |
|
| 650 | 7 |
_aFile conversion (Computer science) _2local |
|
| 655 | 4 | _aElectronic books. | |
| 776 | 0 | 8 |
_iPrint version: _aPadova, Ted. _tAdobe Acrobat X PDF bible. _dIndianapolis, IN : Wiley Pub., Inc., ©2011 _z9780470612910 _w(DLC) 2010943054 _w(OCoLC)681493698 |
| 830 | 0 | _aBible. | |
| 856 | 4 | 0 |
_uhttp://onlinelibrary.wiley.com/book/10.1002/9781118255728 _zWiley Online Library |
| 942 |
_2ddc _cBK |
||
| 999 |
_c204984 _d204984 |
||